| 000 | 00612nam a22001577a 4500 | ||
|---|---|---|---|
| 003 | OSt | ||
| 005 | 20151003170524.0 | ||
| 008 | 151003b xxu||||| |||| 00| 0 eng d | ||
| 040 | _cRUA | ||
| 082 | _aAVM THO 2002 B072 Or.1 | ||
| 100 |
_91952 _aTHONN, SOLIDA. |
||
| 245 | _aHandling of piglets before weaning in kompong selia district, koh kong, ការថែទាំកូនជ្រូកមុនពេលផ្តាច់ដោះនៅស្រុកកំពង់សិលាខេត្តកោះកុង | ||
| 260 |
_aPhnom Penh _bRUA _c2002 |
||
| 300 |
_avii; 50p. _bill. _c29cm. |
||
| 942 |
_2ddc _cAVM |
||
| 999 |
_c1846 _d1846 |
||